O jornalismo explicado aos jovens... e aos outros (Registo nº 691)

Detalhes MARC
000 -Etiqueta do registo
Cabeçalho 00920cam a2200337 4500
005 - Identificador da versão
Campo de controlo 20240813121810.0
010 ## - Número internacional normalizado dos livros (ISBN)
Número (ISBN) 9727103510
021 ## - Número do Depósito Legal
Código do país PT
Número 200347/03
035 ## - Other System Control Numbers
System Control Number 0000720
System Control Number 0000716
System Control Number 0000716
System Control Number 0000704
100 ## - Dados gerais de processamento
Dados gerais de processamento 20040209d2003 me y0pory5003 ba
102 ## - Pais de publicação ou produção
País de publicação Portugal
101 0# - Língua de publicação
Língua do texto, banda sonora, etc. Português
106 ## - Campo de dados codificados: material textual
Dados codificados do material textual r
105 ## - Campo de dados codificados: livros
Dados codificados dos livros a z 001yy
215 ## - Descrição física 
Indicação específica da natureza do documento e extensão da espécie 130, [1] p.
Outras indicações físicas il.
Dimensões 21 cm
200 1# - Titulo e menção de responsabilidade
Título próprio O jornalismo explicado aos jovens... e aos outros
Primeira menção de responsabilidade Daniel Ricardo, José Jorge Letria
Outras menções de responsabilidade rev. Filipe Rodrigues
225 2# - Colecção 
Título próprio da colecção Caminhos da liberdade
Indicação de volume 15
205 ## - Menção da edição
Menção da edição 1ª ed
210 ## - Publicação, Distribuição, etc. 
Lugar da edição, distribuição, etc. Lisboa
Nome do editor, distribuidor, etc. Terramar
Data da publicação, distribuição, etc. 2003
675 ## - Classificação Decimal Universal (CDU)
Notação 087.5
Edição BN
Língua da edição por
Notação 070
Edição BN
Língua da edição por
702 #1 - Nome de autor-pessoa física (responsabilidade secundária)
Número de registo de entrada de autoridade 0000912
Palavra de ordem Rodrigues
Outra parte do nome não tomada para palavra de ordem Filipe
Código de função Autor de recensão / Crítico
701 #1 - Nome de autor-pessoa física (co-responsabilidade principal)
Palavra de ordem Letria
Outra parte do nome não tomada para palavra de ordem José Jorge
Datas 1951-
Código de função Autor / Co-autor
700 #1 - Nome de autor-pessoa física (responsabilidade principal)
Número de registo de entrada de autoridade 0000911
Palavra de ordem Ricardo
Outra parte do nome não tomada para palavra de ordem Daniel
942 ## - Elementos de entrada adicionados (Koha)
Tipo de item no Koha Livro
Exemplares
Situação do levantamento Origin of item (home branch) (coded) Biblioteca de empréstimo Código de barras Cota Circulation type (not for loan) Tipo de documento Nota do exemplar Damaged status
  Biblioteca Escolar Eng. Nuno Mergulhão Biblioteca Escolar Eng. Nuno Mergulhão BENM1179 30 LET   Livro Sem mensagem